| 000 | 02232nmm a2200529 a 4500 | ||
|---|---|---|---|
| 001 | ocm0002147175 | ||
| 003 | TR-IsHL | ||
| 005 | 20201028182848.0 | ||
| 008 | 190209s2015 tu tur | ||
| 007 | cr cn | ||
| 020 | _a9786053271352 | ||
| 035 |
_a2147175 _b(N$T) |
||
| 050 | 0 | 4 |
_aJS6953.A2 _bY47 2015 |
| 090 | 0 | 4 |
_aJS6953.A2 _bY47 2015 |
| 245 | 1 | 0 |
_aYerel yönetimlerde güncel gelişmeler: kuramdan uygulamaya _h[electronic resource] / _ceditör Prof. Dr. Mustafa Ökmen ; yazarlar Prof. Dr. Bekir Parlak, Prof. Dr. M. Akif Çukurçayır, Prof. Dr. S. Evinç Torlak, Prof. Dr. Abdullah Yılmaz, Doç. Dr. Kemal Özden, Doç. Dr. Uluç Çağatay, Doç. Dr. Sedat Azaklı, Doç. Dr. Buğra Özer, Doç. Dr. Tuğba Eroğlu, Doç. Dr. Ertuğrul Gündoğan, Doç. Dr. Ergüder Can, Yrd. Doç. Dr. Bilal Şinik, Yrd. Doç. Dr. Ahmet Uçar, Yrd. Doç. Dr. Uğur Baytun, Yrd. Doç. Dr. Neslihan Koç, Recep Arslan, Özlem Özkösedağ İçin, Halil İbrahim Kurt, Seyit Arslan, Görgün Özcan |
| 260 |
_aBursa : _bEkin Basım Yayın Dağıtım, _c2015 |
||
| 300 | _a478 p. | ||
| 650 | 4 | _aPolitika ve Uluslararası İlişkiler | |
| 650 | 4 | _aPolitics and International Relations | |
| 650 | 0 | _aYerel yönetimler | |
| 650 | 0 | _aLocal Government | |
| 650 | 0 |
_aLocal Government _x Turkey |
|
| 650 | 0 |
_aYerel yönetimler _x Türkiye |
|
| 650 | 7 |
_aPOLITICAL SCIENCE / American Government / Local _2bisacsh |
|
| 700 | 1 | _aÖkmen, Mustafa | |
| 700 | 1 | _aParlak, Bekir | |
| 700 | 1 | _aÇukurçayır, M. Akif | |
| 700 | 1 | _aTorlak, S. Evinç | |
| 700 | 1 | _aYılmaz, Abdullah | |
| 700 | 1 | _aÖzden, Kemal | |
| 700 | 1 | _aÇağatay, Uluç | |
| 700 | 1 | _aAzaklı, Sedat | |
| 700 | 1 | _aÖzer, Buğra | |
| 700 | 1 | _aEroğlu, Tuğba | |
| 700 | 1 | _aGündoğan, Ertuğrul | |
| 700 | 1 | _aCan, Ergüder | |
| 700 | 1 | _aŞinik, Bilal | |
| 700 | 1 | _aUçar, Ahmet | |
| 700 | 1 | _aBaytun, Uğur | |
| 700 | 1 | _aKoç, Neslihan | |
| 700 | 1 | _aArslan, Recep | |
| 700 | 1 | _aİçin, Özlem Özkösedağ | |
| 700 | 1 | _a Kurt, Halil İbrahim | |
| 700 | 1 | _aArslan, Seyit | |
| 700 | 1 | _aÖzcan, Görgün | |
| 856 | 4 | 0 | _uhttp://search.ebscohost.com/login.aspx?direct=true&scope=site&db=e011xww&AN=2147175 |
| 999 |
_c20268 _d20268 |
||